000 00407nam a2200157 i 4500
001 bg
100 1 _aKONIECZNY, Józef
245 0 _aSterowanie eksploatacją urządzeń /
_cJózef Konieczny.
260 _aWarszawa,
_c1975
_aPWN.
490 1 _aInformacja i Sterowanie
830 _aInformacja i Sterowanie
040 _cBPK
041 _apol
942 _cKS
008 s pl f |000 0 pol
999 _c16129
_d16129
856 _uhttp://koha.tu.koszalin.pl/cgi-bin/koha/opac-detail.pl?biblionumber=16129
_yKatalog online BPK